Clinical Pharmacy Handbook (Record no. 73518)

MARC details
000 -LEADER
fixed length control field 00335pam a2200133 a 4500
020 ## - INTERNATIONAL STANDARD BOOK NUMBER
International Standard Book Number 812101383
Terms of availability
041 ## - LANGUAGE CODE
Language code of original
082 ## - DEWEY DECIMAL CLASSIFICATION NUMBER
Classification number 615.5
Item number KAB
100 ## - MAIN ENTRY--PERSONAL NAME
Personal name Kabat, Hugh F.
245 ## - TITLE STATEMENT
Title Clinical Pharmacy Handbook
Medium Textual Documents
260 ## - PUBLICATION, DISTRIBUTION, ETC.
Place of publication, distribution, etc. Philadelphia
Name of publisher, distributor, etc. Lea and Febiger
653 ## - INDEX TERM--UNCONTROLLED
Uncontrolled term Therapeutics & Clinical Pharmacy
930 ## - EQUIVALENCE OR CROSS-REFERENCE-UNIFORM TITLE HEADING [LOCAL, CANADA]
Uniform title 202
Holdings
Withdrawn status Lost status Damaged status Not for loan Collection Home library Current library Date acquired Source of acquisition Cost, normal purchase price Total Checkouts Full call number Barcode Date last seen Copy number Price effective from Koha item type
          Poona College of Pharmacy, Pune Poona College of Pharmacy, Pune 05/10/1981 Varma Book Centre 120.00   615.5 KAB PCP-B-16 24/02/2023 2 24/02/2023 Book
          Poona College of Pharmacy, Pune Poona College of Pharmacy, Pune 05/10/1981 Varma Book Centre 120.00   615.5 KAB PCP-B-15 24/02/2023 1 24/02/2023 Book